[Event "20th Dubai Open 2018"]
[Site "Dubai UAE"]
[Date "2018.04.09"]
[Round "8.7"]
[White "Jones, Gawain C B"]
[Black "Krysa, Leandro"]
[Result "1-0"]
[WhiteTitle "GM"]
[BlackTitle "GM"]
[WhiteElo "2675"]
[BlackElo "2543"]
[WhiteFideId "409561"]
[BlackFideId "116807"]
[EventDate "2018.04.02"]

1. e4 e5 2. Nf3 Nc6 3. Bb5 Nf6 4. d3 Bc5 5. Bxc6 dxc6 6. O-O Nd7 7. Be3 Bd6 8.
Nbd2 c5 9. Nc4 O-O 10. a3 a5 11. b4 cxb4 12. Nxd6 cxd6 13. axb4 b6 14. Qb1 Qc7
15. Qb3 Bb7 16. Nh4 axb4 17. Qxb4 Qxc2 18. Qxd6 Qc6 19. Qb4 g6 20. Rac1 Qe6 21.
Rc7 Ba6 22. Nf3 Nc5 23. Bxc5 bxc5 24. Rxc5 Bxd3 25. Rxe5 Qc4 26. Qxc4 Bxc4 27.
Re1 Rfd8 28. g4 h6 29. Kg2 Ra3 30. g5 hxg5 31. Rxg5 Be6 32. Rg3 Ra2 33. Ng5 Rdd2
34. Rf3 Bc4 35. Rb1 Rab2 36. Rc1 Rdc2 37. Rd1 Rd2 38. Rxd2 Rxd2 39. Rc3 Ba2 40.
Ra3 Rb2 41. h4 Bc4 42. Ra4 Ba2 43. Kg3 Rc2 44. f3 Bb3 45. Ra3 Ba2 46. Kf4 Kg7
47. Ra7 Rh2 48. Kg3 Re2 49. Ra5 Rd2 50. e5 Bd5 51. Ra7 Re2 52. Kf4 Rh2 53. e6
Rxh4+ 54. Ke5 Bxe6 55. Nxe6+ Kg8 56. Ra8+ Kh7 57. Ng5+ Kg7 58. Ra7 Rh5 59. f4 1-0

[Event "20th Dubai Open 2018"]
[Site "Dubai UAE"]
[Date "2018.04.09"]
[Round "8.8"]
[White "Ghaem Maghami, Ehsan"]
[Black "Akopian, Vladimir"]
[Result "1/2-1/2"]
[WhiteTitle "GM"]
[BlackTitle "GM"]
[WhiteElo "2523"]
[BlackElo "2667"]
[WhiteFideId "12500739"]
[BlackFideId "13300032"]
[EventDate "2018.04.02"]

1. e4 e6 2. d4 d5 3. exd5 exd5 4. Nf3 Nf6 5. Bg5 Be7 6. Bd3 O-O 7. O-O Bg4 8.
Nbd2 Nbd7 9. c3 h6 10. Bxf6 Bxf6 11. Qb3 Nb6 12. Rae1 Bxf3 13. Nxf3 Re8 14.
Rxe8+ Qxe8 15. Re1 Qa4 16. Qxa4 Nxa4 17. Bc2 Nb6 18. Bd3 Na4 19. Bc2 Nb6 20. Bd3
Na4 1/2-1/2

[Event "20th Dubai Open 2018"]
[Site "Dubai UAE"]
[Date "2018.04.09"]
[Round "8.9"]
[White "Kovalev, Vladislav"]
[Black "Venkatesh, M.R."]
[Result "1-0"]
[WhiteTitle "GM"]
[BlackTitle "GM"]
[WhiteElo "2648"]
[BlackElo "2487"]
[WhiteFideId "13504398"]
[BlackFideId "5005779"]
[EventDate "2018.04.02"]

1. e4 e5 2. Nf3 Nc6 3. Bb5 a6 4. Ba4 Nf6 5. O-O Bc5 6. c3 b5 7. Bc2 d5 8. a4
dxe4 9. axb5 Bg4 10. bxc6 exf3 11. gxf3 Bh3 12. Re1 O-O 13. Rxe5 Bd6 14. Rea5
Re8 15. d4 Ng4 16. fxg4 Qh4 17. Re5 Bxe5 18. dxe5 Rxe5 19. Ra4 Qe7 20. Bd2 Re8
21. f3 Re2 22. Be4 Rg2+ 23. Kh1 Qd6 24. f4 Rxe4 25. Rxe4 Qxc6 26. Be1 h6 27. Qa4
Rxg4 28. Bg3 Qd5 29. Kg1 Kh7 30. Qc2 Rg6 31. Re5 Qf3 32. Qf2 Qg4 33. Nd2 f6 34.
Re4 Qf5 35. Qe3 Qd5 36. Nf3 Qd1+ 37. Ne1 h5 38. Qf3 Qd5 39. Rd4 Qb5 40. Rd5 Qe8
41. Rxh5+ Kg8 42. Qd5+ Be6 43. Qe4 Rg4 44. Rc5 f5 45. Rxf5 Qg6 46. Re5 1-0

[Event "20th Dubai Open 2018"]
[Site "Dubai UAE"]
[Date "2018.04.09"]
[Round "8.11"]
[White "Anton Guijarro, David"]
[Black "Iniyan, P"]
[Result "1-0"]
[WhiteTitle "GM"]
[BlackTitle "IM"]
[WhiteElo "2653"]
[BlackElo "2466"]
[WhiteFideId "2285525"]
[BlackFideId "25002767"]
[EventDate "2018.04.02"]

1. d4 Nf6 2. c4 g6 3. Nc3 Bg7 4. e4 d6 5. h3 O-O 6. Be3 e5 7. d5 a5 8. g4 Na6 9.
Qd2 Nd7 10. Nge2 Ndc5 11. Ng3 Bf6 12. g5 Be7 13. h4 Nb4 14. Bxc5 dxc5 15. a3 Na6
16. Bh3 h6 17. Bxc8 Rxc8 18. Nd1 hxg5 19. h5 b6 20. Ne3 Bd6 21. O-O-O Kg7 22.
Rh3 Rh8 23. Rdh1 Qf6 24. f3 Rcg8 25. Qh2 Qf4 26. hxg6 Qxe3+ 27. Kc2 Rxh3 28.
Qxh3 fxg6 29. Qd7+ Kf8 30. Rh7 Qf2+ 31. Kb1 Qe1+ 32. Ka2 Nb4+ 33. axb4 1-0

[Event "20th Dubai Open 2018"]
[Site "Dubai UAE"]
[Date "2018.04.09"]
[Round "8.12"]
[White "Safarli, Eltaj"]
[Black "Chakravarthi Reddy, M"]
[Result "1-0"]
[WhiteTitle "GM"]
[BlackTitle "IM"]
[WhiteElo "2653"]
[BlackElo "2442"]
[WhiteFideId "13402129"]
[BlackFideId "25009532"]
[EventDate "2018.04.02"]

1. e4 e6 2. d4 d5 3. Nd2 Nf6 4. e5 Nfd7 5. Bd3 c5 6. c3 Nc6 7. Ngf3 g6 8. h4 h6
9. Bc2 Bg7 10. a3 a5 11. Nf1 b6 12. Ng3 Ba6 13. Be3 Qc7 14. Rc1 b5 15. Bd3 c4
16. Be2 Nb6 17. Qd2 O-O-O 18. h5 g5 19. Nh2 f5 20. exf6 Bxf6 21. Bg4 Rde8 22.
O-O Kb7 23. Rce1 b4 24. axb4 axb4 25. Bh3 e5 26. dxe5 Bxe5 27. Bxb6 Kxb6 28.
Qxd5 Rd8 29. Qe4 bxc3 30. bxc3 Bxc3 31. Re3 Bd4 32. Ra3 Qd6 33. Rb1+ Bb5 34. Qf5
Ne5 35. Nf3 Nxf3+ 36. Rxf3 Qc5 37. Qxc5+ Bxc5 38. Ne4 Rhf8 39. Rxf8 Bxf8 40. Nc3
Kc5 41. Rxb5+ Kd4 42. Ne2+ Kd3 43. Kf1 c3 44. Rb7 Kd2 45. Rc7 Rd3 46. Bf5 Rd5
47. Be4 1-0

[Event "20th Dubai Open 2018"]
[Site "Dubai UAE"]
[Date "2018.04.09"]
[Round "8.13"]
[White "Mareco, Sandro"]
[Black "Laxman, R.R."]
[Result "1/2-1/2"]
[WhiteTitle "GM"]
[BlackTitle "GM"]
[WhiteElo "2645"]
[BlackElo "2441"]
[WhiteFideId "112275"]
[BlackFideId "5005361"]
[EventDate "2018.04.02"]

1. Nf3 Nf6 2. g3 b5 3. Bg2 Bb7 4. d3 e6 5. e4 d6 6. O-O c5 7. Ng5 h6 8. Nh3 Nbd7
9. f4 e5 10. a4 a6 11. Qe2 Be7 12. axb5 axb5 13. Rxa8 Qxa8 14. Na3 Bc6 15. c4 b4
16. Nc2 g6 17. Ne3 exf4 18. gxf4 O-O 19. Nd5 Bd8 20. Nf2 Re8 21. Be3 Bxd5 22.
exd5 Qa2 23. Bh3 Nb6 24. Nd1 Qb3 25. Kh1 Nh7 26. f5 g5 27. f6 Nxf6 28. Bf5 Re5
29. Qf2 Nxc4 30. dxc4 Qxc4 31. Kg1 Qxd5 32. h4 Nh5 33. Bg6 Nf6 34. Bf5 Nh5 35.
Bg6 Nf6 1/2-1/2

[Event "20th Dubai Open 2018"]
[Site "Dubai UAE"]
[Date "2018.04.09"]
[Round "8.14"]
[White "Efimenko, Zahar"]
[Black "Sindarov, Javokhir"]
[Result "1/2-1/2"]
[WhiteTitle "GM"]
[BlackTitle "IM"]
[WhiteElo "2634"]
[BlackElo "2431"]
[WhiteFideId "14107201"]
[BlackFideId "14205483"]
[EventDate "2018.04.02"]

1. Nf3 g6 2. e4 d6 3. d4 Nf6 4. Nc3 Bg7 5. Be3 O-O 6. Qd2 c6 7. Bd3 Nbd7 8. Bh6
Bxh6 9. Qxh6 e5 10. O-O-O Ng4 11. Qd2 exd4 12. Nxd4 Qf6 13. Be2 Nb6 14. Bxg4
Bxg4 15. f3 Bc8 16. Kb1 Rd8 17. h4 d5 18. h5 c5 19. Ndb5 d4 20. hxg6 Be6 21.
gxf7+ Bxf7 22. Ne2 Nc4 23. Qf4 Qxf4 24. Nxf4 Ne3 25. Rde1 Rac8 26. c3 a6 27.
cxd4 axb5 28. Rxe3 Rxd4 29. Rd3 Ra8 30. a3 Rda4 31. Rhd1 R8a6 32. Rd8+ Kg7 33.
Nd3 b6 34. Ne5 Be6 35. R1d6 Kf6 36. f4 Rxe4 37. Re8 Re1+ 38. Kc2 Kf5 39. g4+ Ke4
40. Rexe6 1/2-1/2

[Event "20th Dubai Open 2018"]
[Site "Dubai UAE"]
[Date "2018.04.09"]
[Round "8.16"]
[White "Tahbaz, Arash"]
[Black "Oleksiyenko, Mykhaylo"]
[Result "1-0"]
[WhiteTitle "IM"]
[BlackTitle "GM"]
[WhiteElo "2434"]
[BlackElo "2621"]
[WhiteFideId "12528846"]
[BlackFideId "4152417"]
[EventDate "2018.04.02"]

1. d4 Nf6 2. Nf3 e6 3. g3 b6 4. Bg2 Bb7 5. O-O g6 6. c4 Bg7 7. Qc2 O-O 8. Nc3 d6
9. e4 Nbd7 10. h3 a6 11. Re1 e5 12. dxe5 dxe5 13. Be3 c6 14. c5 b5 15. a4 b4 16.
Na2 a5 17. Nd2 Qe7 18. Nc1 Ra7 19. Ncb3 Rfa8 20. Nc4 Ne8 21. Red1 Nc7 22. Nb6
Rd8 23. Rd6 Ne6 24. Rad1 Nxb6 25. Rxd8+ Nxd8 26. cxb6 Ra8 27. Nc5 Bc8 28. Rxd8+
Qxd8 29. b7 Bxb7 30. Nxb7 Qc7 31. Nc5 Bf8 32. Nb3 h5 33. h4 Kh7 34. Qc1 Qd7 35.
Nd2 Rd8 36. Nc4 Qd1+ 37. Qxd1 Rxd1+ 38. Bf1 b3 39. Nxa5 Ra1 40. Nxb3 Rxa4 41.
Nd2 Bh6 42. f4 f5 43. b3 Ra2 44. exf5 gxf5 45. Nf3 e4 46. Nd4 Kg6 47. Nxc6 Ra1
48. Ne7+ Kh7 49. b4 Bf8 50. Nc6 Rb1 51. b5 Rb3 52. Kf2 Bb4 53. Nxb4 Rxb4 54. b6
Rb2+ 55. Ke1 Rb1+ 56. Kf2 Rb2+ 57. Be2 Kg6 58. Ke1 Rb3 59. Kd2 Rb2+ 60. Kd1 1-0

[Event "20th Dubai Open 2018"]
[Site "Dubai UAE"]
[Date "2018.04.09"]
[Round "8.17"]
[White "Volkov, Sergey"]
[Black "Haria, Ravi"]
[Result "1-0"]
[WhiteTitle "GM"]
[BlackTitle "IM"]
[WhiteElo "2598"]
[BlackElo "2441"]
[WhiteFideId "4122763"]
[BlackFideId "415820"]
[EventDate "2018.04.02"]

1. d4 e6 2. c4 d5 3. Nc3 Bb4 4. e3 Nf6 5. a3 Bxc3+ 6. bxc3 c6 7. a4 O-O 8. Nf3
b6 9. cxd5 cxd5 10. Ba3 Re8 11. Bb5 Bd7 12. Bd3 Nc6 13. O-O e5 14. Be2 Bg4 15.
Nxe5 Nxe5 16. dxe5 Bxe2 17. Qxe2 Rxe5 18. c4 dxc4 19. Qxc4 Rc8 20. Qe2 Rd5 21.
Rfd1 Qd7 22. Rxd5 Nxd5 23. Bb2 Nc3 24. Qc2 Qc6 25. f3 Qc5 26. Qd2 b5 27. Bxc3
Qxc3 28. Qxc3 Rxc3 29. axb5 h5 30. Rxa7 Rb3 31. Ra8+ Kh7 32. Rf8 Kg6 33. Rb8
Rxe3 34. Rb6+ Kg5 35. Rb7 Kf6 36. Kf2 Rb3 37. Kg3 Rb2 38. h4 g6 39. b6 Rb4 40.
Rb8 Kf5 41. Kf2 Kf6 42. g3 Rb3 43. Ke2 Ke7 44. Rb7+ Ke6 45. Kf2 Rb2+ 46. Ke3
Rb3+ 47. Ke4 Rb4+ 48. Kd3 Rb1 49. Kc4 Rc1+ 50. Kd4 Rd1+ 51. Ke4 Rb1 52. Kf4 Kf6
53. Rb8 Rb4+ 54. Ke3 Rb3+ 55. Kd4 Rxf3 56. Re8 Rb3 57. Kc5 Kf5 58. Re7 f6 59. b7
g5 60. Rd7 gxh4 61. gxh4 Rb1 62. Rd5+ 1-0

[Event "20th Dubai Open 2018"]
[Site "Dubai UAE"]
[Date "2018.04.09"]
[Round "8.18"]
[White "Harsha, Bharathakoti"]
[Black "Kiriakov, Petr"]
[Result "1-0"]
[WhiteTitle "IM"]
[BlackTitle "GM"]
[WhiteElo "2424"]
[BlackElo "2520"]
[WhiteFideId "5078776"]
[BlackFideId "4119231"]
[EventDate "2018.04.02"]

1. d4 e6 2. c4 Nf6 3. Nf3 Bb4+ 4. Nbd2 b6 5. a3 Bxd2+ 6. Qxd2 Bb7 7. e3 O-O 8.
Be2 a5 9. b3 d5 10. Bb2 c5 11. dxc5 bxc5 12. cxd5 exd5 13. Qc3 Qb6 14. O-O Re8
15. Bd3 Ba6 16. Rfd1 a4 17. bxa4 Bxd3 18. Rxd3 Qd6 19. Rad1 Qf8 20. Qc2 Nbd7 21.
Rxd5 Nxd5 22. Ng5 N7f6 23. Rxd5 Qe7 24. Bxf6 Qxf6 25. Qxh7+ Kf8 26. h3 g6 27.
Qh4 Kg8 28. Qh7+ Kf8 29. Qh4 Kg8 30. Rd7 Qa1+ 31. Kh2 Qh8 32. Qc4 Qf6 33. Rxf7
Qa6 34. Rf8+ Kxf8 35. Qf7# 1-0

[Event "20th Dubai Open 2018"]
[Site "Dubai UAE"]
[Date "2018.04.09"]
[Round "8.19"]
[White "Debashis, Das"]
[Black "Khademalsharieh, Sarasadat"]
[Result "1-0"]
[WhiteTitle "GM"]
[BlackTitle "IM"]
[WhiteElo "2518"]
[BlackElo "2424"]
[WhiteFideId "5024854"]
[BlackFideId "12512214"]
[EventDate "2018.04.02"]

1. d4 Nf6 2. c4 e6 3. Nc3 Bb4 4. Qc2 O-O 5. a3 Bxc3+ 6. Qxc3 Qe8 7. f3 d5 8. Bg5
Nbd7 9. e3 h6 10. Bh4 dxc4 11. Bxc4 Nd5 12. Qd2 f5 13. Ne2 N7b6 14. Ba2 Bd7 15.
O-O Qh5 16. Bg3 Bb5 17. Rfc1 Bxe2 18. Qxe2 c6 19. b4 Rae8 20. Qd2 Qg5 21. Re1
Kh8 22. Rad1 a6 23. Qd3 Nd7 24. Bb1 N7f6 25. Bd6 Rg8 26. Rd2 Rd8 27. Be5 Nd7 28.
Bg3 N7f6 29. e4 Nf4 30. Bxf4 Qxf4 31. exf5 exf5 32. g3 Qc7 33. Qxf5 Rd5 34. Re5
Rgd8 35. Rde2 Qb8 36. Qg6 Qc8 37. Bf5 1-0

[Event "20th Dubai Open 2018"]
[Site "Dubai UAE"]
[Date "2018.04.09"]
[Round "8.20"]
[White "Dimakiling, Oliver"]
[Black "Vishnu Prasanna, V"]
[Result "0-1"]
[WhiteTitle "IM"]
[BlackTitle "GM"]
[WhiteElo "2412"]
[BlackElo "2510"]
[WhiteFideId "5202248"]
[BlackFideId "5030692"]
[EventDate "2018.04.02"]

1. Nf3 Nf6 2. g3 g6 3. Bg2 Bg7 4. O-O O-O 5. d4 d6 6. Re1 Bf5 7. Nh4 Be4 8. f3
Bc6 9. e4 e5 10. d5 Bd7 11. c4 Nh5 12. Bf1 Nf4 13. Nc3 Nh3+ 14. Bxh3 Bxh3 15.
Be3 f5 16. exf5 gxf5 17. f4 Nd7 18. Ng2 a6 19. Qc2 Qf6 20. Nd1 Rae8 21. Rf1 exf4
22. Rxf4 Ne5 23. c5 Ng4 24. Bf2 Bh6 25. Rf3 Qg7 26. cxd6 cxd6 27. Bb6 f4 28. Nf2
Ne5 29. Rc3 Bf5 30. Qb3 fxg3 31. Rxg3 Bg6 32. Rd1 Qf6 33. Kh1 Bg7 34. Bd4 Rc8
35. Rg1 Qe7 36. a4 b5 37. axb5 axb5 38. Nh3 Rc4 39. Bc3 Qb7 40. Rd1 Be4 41. Bxe5
dxe5 42. d6 Bc2 43. Rxg7+ Qxg7 44. Qxb5 Rg4 45. Re1 Rd4 46. Ng1 Kh8 47. Qxe5
Qxe5 48. Rxe5 Be4 49. Rg5 Rg8 0-1

[Event "20th Dubai Open 2018"]
[Site "Dubai UAE"]
[Date "2018.04.09"]
[Round "8.21"]
[White "Gagare, Shardul"]
[Black "Saravana, Krishnan P."]
[Result "1/2-1/2"]
[WhiteTitle "GM"]
[WhiteElo "2502"]
[BlackElo "2312"]
[WhiteFideId "5037883"]
[BlackFideId "5018382"]
[EventDate "2018.04.02"]

1. d4 d5 2. c4 c6 3. Nc3 Nf6 4. e3 a6 5. Nf3 Bf5 6. Ne5 Nbd7 7. Be2 dxc4 8. Nxd7
Qxd7 9. Bxc4 e6 10. O-O Be7 11. Qe2 Bg6 12. Rd1 O-O 13. e4 b5 14. Bb3 Rfd8 15.
f3 Qc7 16. Be3 c5 17. dxc5 Bxc5 18. Qf2 Bxe3 19. Qxe3 Qe5 20. Rd2 Rxd2 21. Qxd2
Qc5+ 22. Qf2 Qc7 23. Rd1 Nd7 24. Qd4 Nc5 25. Qd6 Qxd6 26. Rxd6 Rc8 27. Ne2 Kf8
28. Nd4 Ke7 29. e5 Nd3 30. h4 Nc5 1/2-1/2

[Event "20th Dubai Open 2018"]
[Site "Dubai UAE"]
[Date "2018.04.09"]
[Round "8.22"]
[White "Karthikeyan, P."]
[Black "Sekar, B"]
[Result "1-0"]
[WhiteTitle "IM"]
[WhiteElo "2481"]
[BlackElo "2298"]
[WhiteFideId "5018226"]
[BlackFideId "5043743"]
[EventDate "2018.04.02"]

1. e4 c5 2. Nf3 d6 3. d4 cxd4 4. Nxd4 Nf6 5. Nc3 a6 6. h4 e5 7. Nb3 Be6 8. f4
exf4 9. Bxf4 Nc6 10. Qd2 Be7 11. O-O-O Ne5 12. Nd4 O-O 13. Nxe6 fxe6 14. g3 Nfd7
15. Bh3 Rf6 16. Rhf1 Nf8 17. Ne2 Qc7 18. Nd4 Kh8 19. Bxe5 dxe5 20. Rxf6 Bxf6 21.
Nxe6 Nxe6 22. Bxe6 Rd8 23. Bd5 Be7 24. Rf1 Rf8 25. Rxf8+ Bxf8 26. Qf2 Bc5 27.
Qf5 b6 28. Qe6 Qb8 29. a3 Bf2 30. Qg4 Qf8 31. Kb1 Bc5 32. Qe6 Qb8 33. Qf5 Bd6
34. g4 Qf8 35. Qe6 g6 36. g5 Qd8 37. Ka2 a5 38. Bc4 Kg7 39. h5 gxh5 40. Qh6+ Kh8
41. g6 Qe8 1-0

[Event "20th Dubai Open 2018"]
[Site "Dubai UAE"]
[Date "2018.04.09"]
[Round "8.23"]
[White "Rakhmanov, Aleksandr"]
[Black "Dhulipalla, Bala Chandra Prasad"]
[Result "1-0"]
[WhiteTitle "GM"]
[BlackTitle "IM"]
[WhiteElo "2652"]
[BlackElo "2294"]
[WhiteFideId "4173708"]
[BlackFideId "25005812"]
[EventDate "2018.04.02"]

1. b3 Nf6 2. Bb2 g6 3. g3 Bg7 4. Bg2 d6 5. d4 c5 6. Nf3 cxd4 7. Nxd4 d5 8. c4
dxc4 9. O-O O-O 10. Na3 cxb3 11. axb3 Nc6 12. Nxc6 bxc6 13. Nc4 Qxd1 14. Rfxd1
Bg4 15. Kf1 Be6 16. Na5 Ng4 17. Bxg7 Kxg7 18. b4 Nxh2+ 19. Kg1 Ng4 20. Nxc6 a6
21. Nd4 Rab8 22. Nxe6+ fxe6 23. Rd4 Nxf2 24. Rf1 e5 25. Rc4 Rbc8 26. Rxc8 Rxc8
27. Kxf2 Rb8 28. Rb1 Rb5 29. Bc6 Rb6 30. Be4 Kf6 31. Bd3 1-0

[Event "20th Dubai Open 2018"]
[Site "Dubai UAE"]
[Date "2018.04.09"]
[Round "8.24"]
[White "Christiansen, Johan-Sebastian"]
[Black "Pranav, V"]
[Result "1/2-1/2"]
[WhiteTitle "IM"]
[WhiteElo "2498"]
[BlackElo "2366"]
[WhiteFideId "1512668"]
[BlackFideId "25060783"]
[EventDate "2018.04.02"]

1. e4 e5 2. Nc3 Nf6 3. f4 d5 4. fxe5 Nxe4 5. Qf3 Nxc3 6. bxc3 c5 7. Bb5+ Nc6 8.
Qg3 Be6 9. Ne2 Qc7 10. O-O O-O-O 11. d4 Ne7 12. Nf4 c4 13. Nxe6 fxe6 14. Qh3 Nf5
15. Rb1 Be7 16. Rxf5 exf5 17. Qxf5+ Kb8 18. Ba6 b6 19. a4 Qc6 20. Qf7 Qxa4 21.
Bg5 Qxa6 22. Bxe7 Qb7 23. e6 Rde8 24. Bd6+ Ka8 25. e7 Qc6 26. Qe6 h5 27. Qe5 Rh6
28. Ba3 Re6 29. Qxg7 Rf6 30. Re1 a5 31. Qg5 Re6 32. Rf1 Kb7 33. h3 Qd7 34. Qxh5
R8xe7 35. Bxe7 Rxe7 36. Qg6 Re6 37. Qg8 Re8 38. Qg6 Re6 39. Qg8 Re8 40. Qg6 1/2-1/2

[Event "20th Dubai Open 2018"]
[Site "Dubai UAE"]
[Date "2018.04.09"]
[Round "8.25"]
[White "Darini, Pouria"]
[Black "Karthik, Kumar Pradeep"]
[Result "1/2-1/2"]
[WhiteTitle "GM"]
[BlackTitle "CM"]
[WhiteElo "2478"]
[BlackElo "2191"]
[WhiteFideId "12502200"]
[BlackFideId "35045148"]
[EventDate "2018.04.02"]

1. e4 c5 2. Nf3 e6 3. d4 cxd4 4. Nxd4 Nc6 5. Nc3 Qc7 6. Be3 a6 7. a3 b5 8. Nxc6
dxc6 9. f4 Bb7 10. Bd3 c5 11. O-O c4 12. Be2 Bc5 13. Bxc5 Qxc5+ 14. Kh1 Ne7 15.
f5 Rd8 16. Qe1 Qe5 17. Bg4 Bc8 18. Qh4 exf5 19. exf5 Qf6 20. Qxf6 gxf6 21. a4 b4
22. Ne4 Nd5 23. Rfe1 O-O 24. Rad1 Kg7 25. Nc5 Rfe8 26. Kg1 Rxe1+ 27. Rxe1 h5 28.
Bf3 c3 29. bxc3 Nxc3 30. a5 Rd6 31. Re8 Bxf5 32. Rb8 Nd5 33. Nb7 Rd7 34. Nc5 Rd6
35. Nd3 Bxd3 36. cxd3 f5 37. d4 Kf6 38. Kf2 h4 39. Rb7 f4 40. Rb8 Ke7 41. Rb7+
Ke6 42. Ke2 Nc3+ 43. Kd3 Nd5 44. Bh5 Ne3 45. Bf3 Nd5 46. Bd1 f6 47. Bg4+ f5 48.
Bf3 Rc6 49. Bxd5+ Kxd5 50. Rxb4 Re6 51. Kd2 h3 52. gxh3 f3 53. Rb1 Kxd4 54. Rb4+
Kc5 55. Rf4 Re2+ 56. Kd3 Rxh2 57. Rxf5+ Kb4 58. Rh5 f2 59. Ke2 Ka4 60. h4 Kb4
61. Kf1 Ka4 62. Ke2 Kb4 63. Kf1 Ka4 1/2-1/2

[Event "20th Dubai Open 2018"]
[Site "Dubai UAE"]
[Date "2018.04.09"]
[Round "8.26"]
[White "Padmini, Rout"]
[Black "Santiago, Yago De Moura"]
[Result "0-1"]
[WhiteTitle "IM"]
[BlackTitle "GM"]
[WhiteElo "2360"]
[BlackElo "2476"]
[WhiteFideId "5029295"]
[BlackFideId "2103877"]
[EventDate "2018.04.02"]

1. e4 e6 2. d4 d5 3. Nc3 Nf6 4. e5 Nfd7 5. f4 c5 6. Nf3 Nc6 7. Be3 a6 8. Qd2
cxd4 9. Nxd4 g5 10. g3 gxf4 11. gxf4 Qh4+ 12. Bf2 Nxd4 13. Qxd4 Qh6 14. Qd2 Be7
15. h4 b5 16. O-O-O Bb7 17. Ne4 Qf8 18. Rh3 Bb4 19. Qd4 Rd8 20. Nd6+ Bxd6 21.
exd6 Rg8 22. Qb4 Nb8 23. Bb6 Nc6 24. Qd2 Rc8 25. Bc7 Qh6 26. a4 b4 27. Qf2 d4
28. Kb1 Kd7 29. Rhd3 Rg4 30. f5 e5 31. Bh3 Rxc7 32. Bxg4 Kxd6 33. c3 bxc3 34.
bxc3 Ke7 35. cxd4 Nxd4 36. Rxd4 Qb6+ 37. Ka1 exd4 38. f6+ Kf8 39. Qf4 Qb4 40.
Rxd4 Qa3+ 41. Kb1 Be4+ 42. Rxe4 Rb7+ 43. Kc2 Rb2+ 44. Kd1 Qa1+ 45. Qc1 Rb1 0-1

[Event "20th Dubai Open 2018"]
[Site "Dubai UAE"]
[Date "2018.04.09"]
[Round "8.27"]
[White "Kulkarni, Bhakti"]
[Black "Karthik, Venkataraman"]
[Result "1/2-1/2"]
[WhiteTitle "CM"]
[BlackTitle "FM"]
[WhiteElo "2317"]
[BlackElo "2470"]
[WhiteFideId "5019516"]
[BlackFideId "25006479"]
[EventDate "2018.04.02"]

1. d4 Nf6 2. Nf3 g6 3. g3 Bg7 4. Bg2 O-O 5. O-O d5 6. c4 c6 7. Ne5 Be6 8. Nd2
Nbd7 9. cxd5 cxd5 10. Ndf3 Nxe5 11. dxe5 Ne4 12. Bf4 Qb6 13. Qd4 Rfc8 14. Qxb6
axb6 15. Nd4 Bd7 16. h4 h6 17. Rfd1 g5 18. hxg5 hxg5 19. Bxe4 dxe4 20. Bxg5 Bxe5
21. Bxe7 Rc4 22. e3 Bg4 23. Rd2 f6 24. f3 exf3 25. Kf2 Re8 26. Ba3 Bxd4 27. exd4
Re2+ 28. Rxe2 fxe2 29. Ke3 Kf7 30. Kd3 Rc8 31. Bb4 Ke6 32. a4 Kd5 33. b3 Rc6 34.
Bd2 Re6 35. Be3 Rc6 36. Bd2 Bh5 37. a5 b5 38. Rh1 Bf3 39. Rh8 Re6 40. Be1 Kd6
41. Rc8 Be4+ 42. Kd2 Bc6 43. Rd8+ Kc7 44. Rh8 Bf3 45. Rh4 f5 46. Rf4 Bg4 47. d5
Re5 48. Rd4 Bf3 49. d6+ Kd7 50. Rd3 Bg4 51. Rd4 Rc5 52. b4 Rc8 53. Rd5 Rc6 54.
Rxb5 Rxd6+ 55. Ke3 Rd1 56. Kf2 Kc7 57. Rc5+ Kd6 58. Rb5 Kc6 59. Rc5+ Kd7 60. b5
Rd3 61. Rc3 Rxc3 62. Bxc3 Kc8 63. Be5 Bh5 64. Bf4 Be8 65. Kxe2 1/2-1/2

[Event "20th Dubai Open 2018"]
[Site "Dubai UAE"]
[Date "2018.04.09"]
[Round "8.28"]
[White "Sharma, Dinesh K."]
[Black "Sundararajan, Kidambi"]
[Result "1/2-1/2"]
[WhiteTitle "IM"]
[BlackTitle "GM"]
[WhiteElo "2261"]
[BlackElo "2436"]
[WhiteFideId "5004110"]
[BlackFideId "5005370"]
[EventDate "2018.04.02"]

1. e4 c6 2. d4 d5 3. e5 Bf5 4. Nf3 e6 5. Be2 f6 6. O-O fxe5 7. Nxe5 Nd7 8. f4
Bd6 9. Nc3 Ne7 10. Be3 O-O 11. Kh1 Nxe5 12. fxe5 Bc7 13. Na4 b6 14. b4 Qd7 15.
c3 Be4 16. Nb2 Nf5 17. Bf2 c5 18. bxc5 bxc5 19. Na4 cxd4 20. Nc5 Qe7 21. cxd4
Bb6 22. Rc1 Bxc5 23. dxc5 Qg5 24. Bf3 Bxf3 25. Qxf3 Ne7 26. Qe2 Nc6 27. Bg3 Qe7
28. Rxf8+ Rxf8 29. Qa6 Qd7 30. h3 d4 31. Qc4 Rd8 32. Kg1 d3 33. Rd1 Qd5 34. Qxd5
Rxd5 35. Kf2 Ne7 36. Bf4 Rxc5 37. Rxd3 Nd5 38. Kf3 Ra5 39. a3 Rb5 40. Bd2 Kf7
41. Bb4 Nxb4 42. axb4 Rxb4 43. Rd7+ Kg6 44. Rxa7 1/2-1/2

[Event "20th Dubai Open 2018"]
[Site "Dubai UAE"]
[Date "2018.04.09"]
[Round "8.29"]
[White "Viani, Antonio Dcunha"]
[Black "Nandhidhaa, PV"]
[Result "1-0"]
[WhiteTitle "IM"]
[BlackTitle "WIM"]
[WhiteElo "2435"]
[BlackElo "2272"]
[WhiteFideId "5027330"]
[BlackFideId "5050847"]
[EventDate "2018.04.02"]

1. e4 c5 2. Nf3 e6 3. d4 cxd4 4. Nxd4 Nc6 5. Nc3 Qc7 6. Be3 a6 7. f4 d6 8. Qf3
b5 9. Bd3 Bb7 10. O-O-O Nf6 11. g4 b4 12. Nce2 Nd7 13. Kb1 Nc5 14. g5 Rc8 15. h4
e5 16. Nxc6 Qxc6 17. Bxc5 Qxc5 18. h5 exf4 19. Nxf4 Qxg5 20. Nd5 Be7 21. Rhg1
Qe5 22. Qg4 g6 23. hxg6 hxg6 24. Rdf1 Rh7 25. Rg2 Rc5 26. Rgf2 Bc8 27. Qe2 a5
28. Bc4 Be6 29. Qd3 Rh3 30. Qe2 Rh7 31. Bb3 Bd8 32. Qa6 Rh2 33. Rf3 Rh3 34. R3f2
Rh2 35. Rf3 Rh3 36. Nf6+ Bxf6 37. Rxf6 Qxe4 38. Rxe6+ fxe6 39. Ba4+ Kd8 40.
Qxd6+ 1-0

[Event "20th Dubai Open 2018"]
[Site "Dubai UAE"]
[Date "2018.04.09"]
[Round "8.30"]
[White "Raghunandan, Kaumandur Srihari"]
[Black "Balasubramaniam, H"]
[Result "1-0"]
[WhiteTitle "IM"]
[WhiteElo "2434"]
[BlackElo "2060"]
[WhiteFideId "25004964"]
[BlackFideId "35053248"]
[EventDate "2018.04.02"]

1. d4 Nf6 2. c4 e6 3. Nf3 c5 4. d5 exd5 5. cxd5 d6 6. Nc3 g6 7. Bf4 a6 8. a4 Bg7
9. h3 Qe7 10. Nd2 O-O 11. e3 Nbd7 12. Nc4 Ne8 13. Be2 Rb8 14. O-O Ne5 15. Qb3
Nxc4 16. Bxc4 b6 17. Qa3 Nc7 18. b4 Be5 19. Rad1 b5 20. bxc5 Bxf4 21. exf4 b4
22. Qb3 bxc3 23. Qxb8 Bg4 24. Rde1 Qd7 25. Qb3 Bf5 26. c6 Qd8 27. Qxc3 Ne8 28.
Bxa6 Qc7 29. Bd3 Bc8 30. Re3 Ng7 31. Rfe1 1-0